Conferencias de prensa : el diálogo público del poder con el periodismo /

Guardado en:
Autor Principal: Amado Suárez, Adriana.
Otros Autores: Baumgratz, Mónica., Rotelli, Nicolás.
Formato: Libro
Idioma:Spanish
Publicado: Ciudad Autónoma de Buenos Aires : Konrad Adenauser Stiftung, 2019.
Edición:1a. ed.
Materias:
Etiquetas: Agregar Etiqueta
Sin Etiquetas, Sea el primero en etiquetar este registro!
LEADER 00731nam a22001935a 4500
001 DER.der014699
008 220427s2019####ag############000#0#spa#d
005 20260224084310.0
245 1 0 |a Conferencias de prensa :  |b el diálogo público del poder con el periodismo /  |c Adriana Amado, Mónica Baumgratz, Nicolás Rotelli, con la colaboración de Silvio Waisbord. 
250 |a 1a. ed. 
260 |a Ciudad Autónoma de Buenos Aires :  |b Konrad Adenauser Stiftung,  |c 2019. 
300 |a 53 p. 
020 |a 9789871285754 
100 1 |a Amado Suárez, Adriana. 
700 1 |a Baumgratz, Mónica. 
700 1 |a Rotelli, Nicolás. 
700 1 |a Waisbord, Silvio.,  |e col. 
650 7 |a DERECHO A LA INFORMACION 
859 |a DERECHO  |b BIB. DERECHO  |h 323.04  |p 0010023